[Event "Titled Tuesday intern op 08th Nov Early"]
[Site "Chess.com INT"]
[Date "2022.11.08"]
[Round "1"]
[White "Tate, Alan"]
[Black "Kodinets, Konstantin L"]
[Result "0-1"]
[WhiteElo "2279"]
[BlackElo "2409"]
[PlyCount "54"]
[EventDate "2022.11.08"]
[EventType "swiss (blitz)"]
[EventRounds "11"]
[EventCountry "USA"]
[SourceTitle "EXT 2024"]
[Source "ChessBase"]
[SourceDate "2023.10.10"]
[SourceVersion "1"]
[SourceVersionDate "2023.10.10"]
[SourceQuality "1"]

1. Nf3 d6 2. d4 Nf6 3. c4 Nbd7 4. Nc3 c6 5. e4 e5 6. Be2 Be7 7. 0-0 0-0 8. Qc2 a6 9. Rd1 Qc7 10. Bg5 Re8 11. Rac1 h6 12. Bh4 Bf8 13. b4 Be7 14. a3 exd4 15. Nxd4 Ne5 16. h3 Bd7 17. f4 Ng6 18. Bg3 Rad8 19. Bf3 Bf8 20. Kh1 Qc8 21. Kh2 h5 22. Qd2 h4 23. Bf2 Qb8 24. Be3 b5 25. cxb5 axb5 26. Kh1 Rc8 27. Nf5 d5 0-1

[Event "Online Olym Div2 C"]
[Site "Chess.com INT"]
[Date "2021.09.04"]
[Round "8.1"]
[White "Aleksandrov, Aleksej"]
[Black "Tate, Alan"]
[Result "1-0"]
[WhiteElo "2525"]
[BlackElo "2342"]
[PlyCount "101"]
[EventDate "2021.09.02"]
[EventType "team (rapid)"]
[EventRounds "9"]
[EventCountry "USA"]
[SourceTitle "CBM 204 Extra"]
[Source "ChessBase"]
[SourceDate "2021.11.30"]
[SourceVersion "1"]
[SourceVersionDate "2021.11.30"]
[SourceQuality "1"]
[WhiteTeam "Belarus"]
[BlackTeam "Scotland"]
[WhiteTeamCountry "BLR"]
[BlackTeamCountry "SCO"]

1. d4 d5 2. c4 e6 3. Nc3 Nf6 4. cxd5 Nxd5 5. e3 c5 6. Nf3 Nc6 7. Bd3 cxd4 8. exd4 Be7 9. 0-0 0-0 10. Re1 Nf6 11. a3 b6 12. Bg5 Bb7 13. Rc1 Nd5 14. h4 Nxc3 15. bxc3 h6 16. Bxe7 Nxe7 17. Bb1 Nf5 18. h5 Qf6 19. Qd3 Rfd8 20. Re5 Rac8 21. Rce1 Kf8 22. a4 Bd5 23. Nh2 Qh4 24. g4 Ne7 25. R1e3 Ng8 26. Rg3 Nf6 27. Rh3 Qxh3 28. Qxh3 a6 29. g5 hxg5 30. h6 gxh6 31. Qxh6+ Ke7 32. Qh3 Rh8 33. Qg3 g4 34. Kf1 Rh3 35. Qf4 g3 36. fxg3 Rxh2 37. Bd3 Rch8 38. Ke1 Ra2 39. Bf1 Rhh2 40. Re2 Ra1+ 41. Kd2 Ne4+ 42. Ke3 Rxe2+ 43. Bxe2 f5 44. Qc7+ Kf6 45. Qxb6 Nxg3 46. Qd8+ Kg6 47. Qg8+ Kf6 48. Qxg3 Ra3 49. Qh4+ Kf7 50. Bh5+ Kf8 51. Qf6+ 1-0

[Event "Online Olym Div2 E"]
[Site "Chess.com INT"]
[Date "2020.08.16"]
[Round "2.2"]
[White "Ruiz Castillo, Joshua Daniel"]
[Black "Tate, Alan"]
[Result "1-0"]
[WhiteElo "2498"]
[BlackElo "2342"]
[PlyCount "71"]
[EventDate "2020.08.14"]
[EventType "team-tourn (rapid)"]
[EventRounds "9"]
[EventCountry "USA"]
[SourceTitle "CBM 207 Extra"]
[Source "ChessBase"]
[SourceDate "2022.05.31"]
[SourceVersion "1"]
[SourceVersionDate "2022.05.31"]
[SourceQuality "1"]

1. e4 g6 2. d4 Bg7 3. Nc3 d6 4. Be3 a6 5. Qd2 b5 6. h4 Nf6 7. f3 Nc6 8. g4 h5 9. g5 Nd7 10. Nge2 b4 11. Na4 Nb6 12. Nxb6 cxb6 13. 0-0-0 0-0 14. d5 Ne5 15. Nd4 b5 16. Qxb4 Bd7 17. f4 Ng4 18. Bg1 a5 19. Qd2 Qc7 20. Nxb5 Bxb5 21. Bxb5 a4 22. c4 Rfb8 23. Kb1 e6 24. Rh3 exd5 25. Qxd5 Qa5 26. Qd2 Qc7 27. Qxd6 Qb7 28. Qd5 Qc7 29. e5 Rd8 30. Qf3 Nxe5 31. fxe5 Qxe5 32. Rh2 a3 33. Rhd2 Rdb8 34. Bd4 Qc7 35. Bxg7 Kxg7 36. Rd7 1-0

[Event "Titled Tuesday intern op 7th July"]
[Site "Chess.com INT"]
[Date "2020.07.07"]
[Round "5"]
[White "Akbarinia, Sayed Arash"]
[Black "Tate, Alan"]
[Result "1/2-1/2"]
[WhiteElo "2379"]
[BlackElo "2342"]
[PlyCount "134"]
[EventDate "2020.07.07"]
[EventType "swiss (blitz)"]
[EventRounds "10"]
[EventCountry "USA"]
[SourceTitle "CBM 197 Extra"]
[Source "ChessBase"]
[SourceDate "2020.09.30"]
[SourceVersion "1"]
[SourceVersionDate "2020.09.30"]
[SourceQuality "1"]

1. Nf3 d5 2. d4 Nf6 3. c4 c6 4. Qc2 dxc4 5. Qxc4 Bg4 6. Ne5 Be6 7. Qd3 Nbd7 8. e3 Nxe5 9. dxe5 Qxd3 10. Bxd3 0-0-0 11. Ke2 Ng4 12. f4 Rxd3 13. Kxd3 Nf2+ 14. Ke2 Nxh1 15. b3 Bd5 16. Kf1 h5 17. Kg1 h4 18. Nc3 Ng3 19. hxg3 hxg3 20. e4 Be6 21. Ne2 Bg4 22. Nxg3 e6 23. Be3 Ba3 24. Kf2 g5 25. fxg5 Bb2 26. Rh1 Rxh1 27. Nxh1 Bxe5 28. Ng3 b6 29. Ne2 c5 30. Nc1 Kd7 31. Nd3 Bc7 32. g3 Bd1 33. Bf4 Bc2 34. Ke3 Bxd3 35. Kxd3 e5 36. Bc1 b5 37. a4 a6 38. axb5 axb5 39. Bb2 Ke6 40. Bc1 Bd8 41. Ke2 Be7 42. Kf3 Bd8 43. Kg4 Ba5 44. Kh5 Be1 45. g4 c4 46. bxc4 bxc4 47. g6 fxg6+ 48. Kxg6 c3 49. g5 Bd2 50. Ba3 c2 51. Kh5 c1Q 52. Bxc1 Bxc1 53. Kg6 Bd2 54. Kh5 Kf7 55. Kh6 Kg8 56. Kg6 Kf8 57. Kf6 Bf4 58. g6 Kg8 59. g7 Bg3 60. Kg6 Bf4 61. Kf6 Bh2 62. Kg6 Bg3 63. Kf6 Bf4 64. Kg6 Be3 65. Kf6 Bf4 66. Kg6 Bg3 67. Kf6 Bf4 1/2-1/2

[Event "Titled Tuesday intern op 7th July"]
[Site "Chess.com INT"]
[Date "2020.07.07"]
[Round "1"]
[White "Tate, Alan"]
[Black "Bujisho, Benjamin"]
[Result "0-1"]
[WhiteElo "2342"]
[BlackElo "2290"]
[PlyCount "50"]
[EventDate "2020.07.07"]
[EventType "swiss (blitz)"]
[EventRounds "10"]
[EventCountry "USA"]
[SourceTitle "CBM 197 Extra"]
[Source "ChessBase"]
[SourceDate "2020.09.30"]
[SourceVersion "1"]
[SourceVersionDate "2020.09.30"]
[SourceQuality "1"]

1. d4 d6 2. e4 g6 3. Nc3 a6 4. Be3 b5 5. Qd2 Bb7 6. f3 Nd7 7. 0-0-0 Nb6 8. a3 e6 9. h4 h6 10. g4 Bg7 11. Kb1 Nf6 12. Nh3 Nfd7 13. Nf2 Qe7 14. f4 h5 15. g5 d5 16. f5 Bf8 17. fxg6 fxg6 18. exd5 Nxd5 19. Nxd5 Bxd5 20. Bd3 Rg8 21. Ne4 Bg7 22. Rhf1 0-0-0 23. a4 c6 24. Qa5 Nb8 25. Bf4 e5 0-1

[Event "Titled Tuesday intern op 7th July"]
[Site "Chess.com INT"]
[Date "2020.07.07"]
[Round "7"]
[White "Tate, Alan"]
[Black "Dwilewicz, Katarzyna"]
[Result "0-1"]
[WhiteElo "2342"]
[BlackElo "2120"]
[PlyCount "70"]
[EventDate "2020.07.07"]
[EventType "swiss (blitz)"]
[EventRounds "10"]
[EventCountry "USA"]
[SourceTitle "CBM 197 Extra"]
[Source "ChessBase"]
[SourceDate "2020.09.30"]
[SourceVersion "1"]
[SourceVersionDate "2020.09.30"]
[SourceQuality "1"]

1. d4 Nf6 2. c4 e6 3. Nf3 d5 4. g3 dxc4 5. Bg2 c5 6. 0-0 Nc6 7. dxc5 Qxd1 8. Rxd1 Bxc5 9. Nbd2 c3 10. bxc3 0-0 11. Nb3 Be7 12. Nfd4 Nxd4 13. cxd4 a5 14. Nc5 Ra7 15. Rb1 Nd5 16. Bd2 b6 17. Nd3 Bf6 18. e4 Ba6 19. Ne5 Nb4 20. Bxb4 axb4 21. Nc6 Rd7 22. e5 Be7 23. Nxe7+ Rxe7 24. Rxb4 Rb8 25. Rdb1 b5 26. a4 Kf8 27. axb5 Bb7 28. Bxb7 Rexb7 29. Kf1 Rb6 30. Ke2 Ke7 31. Kd3 Kd7 32. f4 Ra8 33. Rc1 Ra3+ 34. Rc3 Ra2 35. Rc2 Ra5 0-1

[Event "Titled Tuesday intern op 7th July"]
[Site "Chess.com INT"]
[Date "2020.07.07"]
[Round "6"]
[White "Tate, Alan"]
[Black "Zia, Tahsin Tajwar"]
[Result "0-1"]
[WhiteElo "2342"]
[BlackElo "2071"]
[PlyCount "72"]
[EventDate "2020.07.07"]
[EventType "swiss (blitz)"]
[EventRounds "10"]
[EventCountry "USA"]
[SourceTitle "CBM 197 Extra"]
[Source "ChessBase"]
[SourceDate "2020.09.30"]
[SourceVersion "1"]
[SourceVersionDate "2020.09.30"]
[SourceQuality "1"]

1. d4 Nf6 2. c4 c5 3. d5 b5 4. cxb5 a6 5. bxa6 g6 6. Nc3 Bg7 7. e4 0-0 8. e5 Ne8 9. h4 h5 10. g4 hxg4 11. h5 gxh5 12. Rxh5 d6 13. Bd3 f5 14. e6 Nf6 15. Rxf5 Bxa6 16. Nge2 Qa5 17. Bg5 Qb4 18. Bxa6 Nxa6 19. Qd2 Rab8 20. Rb1 g3 21. Nxg3 Qg4 22. Qf4 Qxf4 23. Rxf4 Nb4 24. Rd1 Rfc8 25. Ke2 c4 26. Nf5 Rc7 27. Nxe7+ Rxe7 28. Bxf6 Bxf6 29. Rxf6 Rg7 30. Rf3 Na6 31. Rd2 Nc5 32. Rf4 Nd3 33. Rxc4 Ne5 34. Re4 Rf8 35. f4 Rg2+ 36. Kd1 Rg1+ 0-1

[Event "Titled Tuesday intern op 30th June"]
[Site "Chess.com INT"]
[Date "2020.06.30"]
[Round "6"]
[White "Correa, Jose Augusto"]
[Black "Tate, Alan"]
[Result "0-1"]
[WhiteElo "1883"]
[BlackElo "2342"]
[PlyCount "64"]
[EventDate "2020.06.30"]
[EventType "swiss (blitz)"]
[EventRounds "10"]
[EventCountry "USA"]
[SourceTitle "CBM 197 Extra"]
[Source "ChessBase"]
[SourceDate "2020.09.30"]
[SourceVersion "1"]
[SourceVersionDate "2020.09.30"]
[SourceQuality "1"]

1. c4 c5 2. Nc3 Nf6 3. Nf3 Nc6 4. g3 d5 5. cxd5 Nxd5 6. Bg2 Nc7 7. 0-0 e5 8. d3 Be7 9. b3 0-0 10. Bb2 Bd7 11. Rc1 b6 12. e3 f5 13. d4 e4 14. Ne1 cxd4 15. exd4 Bf6 16. Nxe4 fxe4 17. Bxe4 Nb4 18. Bxa8 Nxa8 19. a3 Nd5 20. Nd3 Bg5 21. Rc2 Bf5 22. Re1 Nac7 23. f4 Bf6 24. Rce2 Bg4 25. Ne5 Bxe2 26. Qxe2 Re8 27. Qc4 Qe7 28. Rc1 Kh8 29. Re1 Kg8 30. Rc1 Qe6 31. Qd3 Bxe5 32. dxe5 g6 0-1

[Event "Titled Tuesday intern op 30th June"]
[Site "Chess.com INT"]
[Date "2020.06.30"]
[Round "7"]
[White "Gheorghiu, Calin"]
[Black "Tate, Alan"]
[Result "1-0"]
[WhiteElo "2283"]
[BlackElo "2342"]
[PlyCount "47"]
[EventDate "2020.06.30"]
[EventType "swiss (blitz)"]
[EventRounds "10"]
[EventCountry "USA"]
[SourceTitle "CBM 197 Extra"]
[Source "ChessBase"]
[SourceDate "2020.09.30"]
[SourceVersion "1"]
[SourceVersionDate "2020.09.30"]
[SourceQuality "1"]

1. e4 g6 2. d4 Bg7 3. c4 Nc6 4. Ne2 d6 5. Nbc3 e5 6. Be3 Nf6 7. f3 0-0 8. Qd2 exd4 9. Nxd4 Re8 10. Be2 Nh5 11. g4 Qh4+ 12. Bf2 Qxf2+ 13. Kxf2 Bxd4+ 14. Kg2 Ng7 15. h4 h5 16. gxh5 Nxh5 17. Nd5 Rf8 18. f4 Nf6 19. Bf3 Ne8 20. h5 g5 21. fxg5 Be5 22. g6 Nd4 23. Ne7+ Kh8 24. Qh6# 1-0

[Event "Titled Tuesday intern op 30th June"]
[Site "Chess.com INT"]
[Date "2020.06.30"]
[Round "9"]
[White "Latreche, Khadidja"]
[Black "Tate, Alan"]
[Result "1-0"]
[WhiteElo "1900"]
[BlackElo "2342"]
[PlyCount "63"]
[EventDate "2020.06.30"]
[EventType "swiss (blitz)"]
[EventRounds "10"]
[EventCountry "USA"]
[SourceTitle "CBM 197 Extra"]
[Source "ChessBase"]
[SourceDate "2020.09.30"]
[SourceVersion "1"]
[SourceVersionDate "2020.09.30"]
[SourceQuality "1"]

1. e4 e5 2. Nf3 Nc6 3. d4 exd4 4. Nxd4 Nf6 5. Nc3 Bb4 6. Nxc6 bxc6 7. Bd3 d5 8. exd5 0-0 9. 0-0 Bg4 10. f3 Bh5 11. Bg5 cxd5 12. Kh1 Be7 13. Bxf6 Bxf6 14. Nxd5 Bxb2 15. Rb1 Be5 16. c4 Qh4 17. g3 Bxg3 18. Qc2 Bg6 19. Ne7+ Qxe7 20. hxg3 Bxd3 21. Qxd3 Rad8 22. Qc2 Qg5 23. Qh2 Rd2 24. Rf2 Rxf2 25. Qxf2 h5 26. Kg2 h4 27. Rb5 Qg6 28. g4 Rd8 29. Qxh4 Rd2+ 30. Kh3 f6 31. Rb8+ Kf7 32. Qh8 1-0

[Event "Titled Tuesday intern op 30th June"]
[Site "Chess.com INT"]
[Date "2020.06.30"]
[Round "3"]
[White "Tate, Alan"]
[Black "Saravana, Krishnan P"]
[Result "0-1"]
[WhiteElo "2342"]
[BlackElo "2312"]
[PlyCount "46"]
[EventDate "2020.06.30"]
[EventType "swiss (blitz)"]
[EventRounds "10"]
[EventCountry "USA"]
[SourceTitle "CBM 197 Extra"]
[Source "ChessBase"]
[SourceDate "2020.09.30"]
[SourceVersion "1"]
[SourceVersionDate "2020.09.30"]
[SourceQuality "1"]

1. d4 Nf6 2. c4 Nc6 3. Nf3 e6 4. a3 d6 5. Nc3 g6 6. e4 Bg7 7. Be2 0-0 8. 0-0 Re8 9. b4 e5 10. dxe5 Ng4 11. Bg5 Qd7 12. Nd5 h6 13. Bh4 g5 14. Bg3 Ngxe5 15. Nxe5 dxe5 16. c5 Nd4 17. Bc4 c6 18. Ne3 Qe7 19. Qh5 Be6 20. Bxe6 Qxe6 21. Rfd1 Rad8 22. h3 Qg6 23. Qg4 h5 0-1

[Event "Titled Tuesday intern op 30th June"]
[Site "Chess.com INT"]
[Date "2020.06.30"]
[Round "8"]
[White "Tate, Alan"]
[Black "Swati, Mohota"]
[Result "0-1"]
[WhiteElo "2342"]
[BlackElo "2027"]
[PlyCount "60"]
[EventDate "2020.06.30"]
[EventType "swiss (blitz)"]
[EventRounds "10"]
[EventCountry "USA"]
[SourceTitle "CBM 197 Extra"]
[Source "ChessBase"]
[SourceDate "2020.09.30"]
[SourceVersion "1"]
[SourceVersionDate "2020.09.30"]
[SourceQuality "1"]

1. d4 d5 2. c4 c6 3. Nf3 Nf6 4. Nc3 e6 5. Bg5 h6 6. Bxf6 Qxf6 7. e3 Nd7 8. Be2 g6 9. 0-0 Bg7 10. e4 dxe4 11. Nxe4 Qe7 12. c5 0-0 13. b4 e5 14. d5 cxd5 15. Qxd5 Nf6 16. Qd6 Re8 17. Nfd2 Bf5 18. Qxe7 Rxe7 19. Nd6 Be6 20. Bf3 e4 21. N2xe4 Nxe4 22. Bxe4 Bxa1 23. Rxa1 Rd8 24. Bf3 b6 25. h3 bxc5 26. bxc5 Rc7 27. Nb7 Rd2 28. c6 Bd5 29. Bxd5 Rxd5 30. Rc1 Rb5 0-1

[Event "Titled Tuesday intern op 30th June"]
[Site "Chess.com INT"]
[Date "2020.06.30"]
[Round "5"]
[White "Tate, Alan"]
[Black "Tokhirjonova, Gulruhbegim"]
[Result "0-1"]
[WhiteElo "2342"]
[BlackElo "2378"]
[PlyCount "50"]
[EventDate "2020.06.30"]
[EventType "swiss (blitz)"]
[EventRounds "10"]
[EventCountry "USA"]
[SourceTitle "CBM 197 Extra"]
[Source "ChessBase"]
[SourceDate "2020.09.30"]
[SourceVersion "1"]
[SourceVersionDate "2020.09.30"]
[SourceQuality "1"]

1. d4 d5 2. c4 c6 3. Nf3 Nf6 4. Nc3 e6 5. Bg5 Nbd7 6. e3 Be7 7. Qc2 b6 8. Bd3 Bb7 9. 0-0 0-0 10. Rfe1 Re8 11. Rad1 Rc8 12. e4 dxe4 13. Nxe4 Nxe4 14. Bxe7 Qxe7 15. Bxe4 Nf6 16. c5 Red8 17. Ne5 bxc5 18. dxc5 Rxd1 19. Rxd1 Nxe4 20. Qxe4 Qxc5 21. h4 f6 22. Nd7 Qe7 23. Qf4 c5 24. Rd6 Bd5 25. Qa4 Qxd6 0-1

[Event "Titled Tuesday intern op 23rd June"]
[Site "Chess.com INT"]
[Date "2020.06.23"]
[Round "7"]
[White "Dutta, Joydeep"]
[Black "Tate, Alan"]
[Result "1-0"]
[WhiteElo "2101"]
[BlackElo "2342"]
[PlyCount "79"]
[EventDate "2020.06.23"]
[EventType "swiss (blitz)"]
[EventRounds "10"]
[EventCountry "USA"]
[SourceTitle "CBM 197 Extra"]
[Source "ChessBase"]
[SourceDate "2020.09.30"]
[SourceVersion "1"]
[SourceVersionDate "2020.09.30"]
[SourceQuality "1"]

1. d4 d5 2. c4 c6 3. Nc3 Nf6 4. e3 e6 5. Nf3 Nbd7 6. Nd2 Be7 7. g3 0-0 8. Bg2 Re8 9. 0-0 a6 10. e4 dxe4 11. Ndxe4 Nxe4 12. Nxe4 Nf6 13. Nc3 Bd6 14. Re1 h6 15. Qf3 Qc7 16. Bxh6 gxh6 17. Qxf6 Bf8 18. Rad1 Bd7 19. Be4 Bg7 20. Qh4 Qb6 21. Na4 Qd8 22. Qh5 Qg5 23. Qf3 Rad8 24. Nc5 Bc8 25. Bb1 Bxd4 26. Ne4 Qg7 27. Rxd4 Qxd4 28. Nf6+ Kg7 29. Nxe8+ Rxe8 30. Re4 Qxb2 31. Rg4+ Kf8 32. Bg6 Re7 33. Bh7 f5 34. Rg8+ Kf7 35. Qh5+ Kf6 36. Qxh6+ Ke5 37. Qf4+ Kf6 38. Qh4+ Ke5 39. Qxe7 Qc1+ 40. Kg2 1-0

[Event "Titled Tuesday intern op 23rd June"]
[Site "Chess.com INT"]
[Date "2020.06.23"]
[Round "2"]
[White "Kumala, Aleksander"]
[Black "Tate, Alan"]
[Result "0-1"]
[WhiteElo "2176"]
[BlackElo "2342"]
[PlyCount "44"]
[EventDate "2020.06.23"]
[EventType "swiss (blitz)"]
[EventRounds "10"]
[EventCountry "USA"]
[SourceTitle "CBM 197 Extra"]
[Source "ChessBase"]
[SourceDate "2020.09.30"]
[SourceVersion "1"]
[SourceVersionDate "2020.09.30"]
[SourceQuality "1"]

1. e4 g6 2. h4 d5 3. e5 h5 4. d4 Nh6 5. Be3 Bf5 6. Bd3 Bxd3 7. Qxd3 Qd7 8. Nf3 e6 9. c4 dxc4 10. Qxc4 Nc6 11. Nc3 Nb4 12. Ne4 Nd5 13. Nfg5 Be7 14. 0-0 Nf5 15. Qd3 Nxh4 16. Nc5 Bxc5 17. dxc5 Qc6 18. b4 Nxe3 19. f3 Nxf1 20. Kxf1 Rd8 21. Qc4 Nf5 22. Ne4 Ne3+ 0-1

[Event "Titled Tuesday intern op 23rd June"]
[Site "Chess.com INT"]
[Date "2020.06.23"]
[Round "9"]
[White "Tate, Alan"]
[Black "Kim, Sergey2222"]
[Result "0-1"]
[WhiteElo "2342"]
[BlackElo "2295"]
[PlyCount "44"]
[EventDate "2020.06.23"]
[EventType "swiss (blitz)"]
[EventRounds "10"]
[EventCountry "USA"]
[SourceTitle "CBM 197 Extra"]
[Source "ChessBase"]
[SourceDate "2020.09.30"]
[SourceVersion "1"]
[SourceVersionDate "2020.09.30"]
[SourceQuality "1"]

1. d4 Nf6 2. c4 g6 3. Nc3 Bg7 4. e4 d6 5. f4 0-0 6. Nf3 c5 7. d5 b5 8. cxb5 a6 9. a4 Qa5 10. Bd2 Qb4 11. Ra3 c4 12. e5 dxe5 13. fxe5 Ng4 14. Ne4 Qxb2 15. Bc1 Qb4+ 16. Qd2 c3 17. Nxc3 Nxe5 18. Nxe5 Bxe5 19. Bd3 axb5 20. Nxb5 Na6 21. Qxb4 Nxb4 22. Bc4 Nc2+ 0-1

[Event "Titled Tuesday intern op 23rd June"]
[Site "Chess.com INT"]
[Date "2020.06.23"]
[Round "3"]
[White "Tate, Alan"]
[Black "Kozlov, Gennady"]
[Result "1-0"]
[WhiteElo "2342"]
[BlackElo "2386"]
[PlyCount "51"]
[EventDate "2020.06.23"]
[EventType "swiss (blitz)"]
[EventRounds "10"]
[EventCountry "USA"]
[SourceTitle "CBM 197 Extra"]
[Source "ChessBase"]
[SourceDate "2020.09.30"]
[SourceVersion "1"]
[SourceVersionDate "2020.09.30"]
[SourceQuality "1"]

1. d4 e6 2. e4 d5 3. Nd2 Nf6 4. e5 Nfd7 5. Bd3 c5 6. c3 Nc6 7. Ngf3 f6 8. exf6 Qxf6 9. 0-0 Bd6 10. Re1 0-0 11. Bxh7+ Kxh7 12. Rxe6 Bxh2+ 13. Kxh2 Qf4+ 14. Kh1 cxd4 15. Ne4 Qf5 16. Ng3 Qxe6 17. Ng5+ Kg8 18. Nxe6 Rxf2 19. Nc7 Rb8 20. Nxd5 Nde5 21. cxd4 Bg4 22. Qb3 Nxd4 23. Qe3 Rbf8 24. Qxd4 Bh3 25. Ne7+ Kf7 26. Qxf2+ 1-0

[Event "Titled Tuesday intern op 23rd June"]
[Site "Chess.com INT"]
[Date "2020.06.23"]
[Round "5"]
[White "Tate, Alan"]
[Black "Perez Rodriguez, Luis Manuel"]
[Result "0-1"]
[WhiteElo "2342"]
[BlackElo "2324"]
[PlyCount "56"]
[EventDate "2020.06.23"]
[EventType "swiss (blitz)"]
[EventRounds "10"]
[EventCountry "USA"]
[SourceTitle "CBM 197 Extra"]
[Source "ChessBase"]
[SourceDate "2020.09.30"]
[SourceVersion "1"]
[SourceVersionDate "2020.09.30"]
[SourceQuality "1"]

1. d4 d5 2. c4 c6 3. Nf3 Nf6 4. Nc3 e6 5. Bg5 dxc4 6. e4 b5 7. e5 h6 8. Bh4 g5 9. Bg3 Nh5 10. a4 a5 11. axb5 cxb5 12. Nxb5 Bb4+ 13. Nd2 Nxg3 14. hxg3 Nc6 15. Bxc4 Nxd4 16. 0-0 Nxb5 17. Bxb5+ Kf8 18. Nc4 Qxd1 19. Rfxd1 Ba6 20. Bxa6 Rxa6 21. Rd8+ Kg7 22. Rxh8 Kxh8 23. b3 Kg7 24. g4 Ra7 25. g3 Rd7 26. Nxa5 Bc3 27. Ra2 Ra7 28. b4 Bxb4 0-1

[Event "Titled Tuesday intern op 6th June"]
[Site "Chess.com INT"]
[Date "2020.06.02"]
[Round "6"]
[White "Tate, Alan"]
[Black "Grochal, Joey"]
[Result "0-1"]
[WhiteElo "2342"]
[BlackElo "2335"]
[PlyCount "80"]
[EventDate "2020.06.02"]
[EventType "swiss (blitz)"]
[EventRounds "10"]
[EventCountry "USA"]
[SourceTitle "CBM 196 Extra"]
[Source "ChessBase"]
[SourceDate "2020.07.31"]
[SourceVersion "1"]
[SourceVersionDate "2020.07.31"]
[SourceQuality "1"]

1. e4 c5 2. Nf3 e6 3. d4 cxd4 4. Nxd4 Nc6 5. Nc3 Qc7 6. f4 a6 7. Nxc6 Qxc6 8. Bd3 b5 9. Qe2 Bb7 10. Bd2 Rc8 11. 0-0-0 Nf6 12. e5 Nd5 13. Ne4 Nb4 14. Bxb4 Bxb4 15. Qg4 Kf8 16. Rhf1 h5 17. Qh3 g6 18. Nf6 Be7 19. Be4 Qxe4 20. Nxe4 Bxe4 21. Rd2 Bb4 22. Re2 Bf5 23. Qb3 Be7 24. Rd1 Rc7 25. a4 b4 26. Rd6 a5 27. Red2 Bxd6 28. exd6 Rc6 29. Qe3 Kg7 30. Qe5+ f6 31. Qxa5 b3 32. c3 Re8 33. Qa7 e5 34. Re2 e4 35. g3 Rxd6 36. Rd2 Rxd2 37. Kxd2 e3+ 38. Ke1 Bg4 39. a5 Kh6 40. a6 Re6 0-1

[Event "Titled Tuesday intern op 6th June"]
[Site "Chess.com INT"]
[Date "2020.06.02"]
[Round "1"]
[White "Tate, Alan"]
[Black "Shapkin, Anatoliy"]
[Result "0-1"]
[WhiteElo "2342"]
[BlackElo "2283"]
[PlyCount "56"]
[EventDate "2020.06.02"]
[EventType "swiss (blitz)"]
[EventRounds "10"]
[EventCountry "USA"]
[SourceTitle "CBM 196 Extra"]
[Source "ChessBase"]
[SourceDate "2020.07.31"]
[SourceVersion "1"]
[SourceVersionDate "2020.07.31"]
[SourceQuality "1"]

1. e4 e5 2. Nf3 Nc6 3. d4 exd4 4. Nxd4 Nf6 5. Nxc6 bxc6 6. e5 Qe7 7. Qe2 Nd5 8. c4 Ba6 9. b3 g6 10. f4 g5 11. f5 0-0-0 12. f6 Qb4+ 13. Bd2 Qc5 14. Qf2 Nb4 15. Qxc5 Bxc5 16. Kd1 Bd4 17. Bc3 c5 18. Bxd4 cxd4 19. c5 Rhe8 20. a3 Bxf1 21. axb4 Bxg2 22. Rg1 Bf3+ 23. Kc2 Rxe5 24. Nd2 Bb7 25. Rxa7 h6 26. Raa1 Rde8 27. Raf1 Re3 28. Rg3 Ba6 0-1